000 00513nam a2200205 a 4500
001 22709
003 SK-KTurca
005 20260421144848.0
008 950619s1965 xo a 000 1 slo c
035 _aUKB000143189
040 _aBAA001
_bslo
_cBAA001
_eAACR2
041 1 _aslo
_hita
044 _axo
_cSK
100 1 _aMalaparte, Curzio,
_d1898-1957
245 1 0 _aKaput
250 _a1. vyd.
260 _aBratislava
_bVydavateľstvo politickej literatúry
_c1965
300 _a513 s.
942 _2ddc
_cKLDO
_n0
999 _c22709
_d22709